Mechanics. (Record no. 20895)
[ view plain ]
| 000 -LEADER | |
|---|---|
| fixed length control field | 01396cam a22003491i 4500 |
| 001 - CONTROL NUMBER | |
| control field | 10817971 |
| 003 - CONTROL NUMBER IDENTIFIER | |
| control field | EG-ScBUE |
| 005 - DATE AND TIME OF LATEST TRANSACTION | |
| control field | 20250518083525.0 |
| 008 - FIXED-LENGTH DATA ELEMENTS--GENERAL INFORMATION | |
| fixed length control field | 980115r20111976enka f b 001 0 eng d |
| 020 ## - INTERNATIONAL STANDARD BOOK NUMBER | |
| International Standard Book Number | 9780750628969 |
| 040 ## - CATALOGING SOURCE | |
| Original cataloging agency | EG-ScBUE |
| Language of cataloging | eng |
| Description conventions | rda |
| Modifying agency | EG-ScBUE |
| Transcribing agency | EG-ScBUE |
| 041 1# - LANGUAGE CODE | |
| Language code of text/sound track or separate title | eng |
| Language code of original and/or intermediate translations of text | rus |
| 082 04 - DEWEY DECIMAL CLASSIFICATION NUMBER | |
| Classification number | 531 |
| Item number | LAN |
| Edition number | 22 |
| 100 1# - MAIN ENTRY--PERSONAL NAME | |
| Personal name | Landau, L. D. |
| 9 (RLIN) | 38480 |
| Fuller form of name | (Lev Davidovich) |
| Dates associated with a name | 1908-1968, |
| Relator term | author. |
| 245 10 - TITLE STATEMENT | |
| Title | Mechanics. |
| Number of part/section of a work | volume 1, |
| Name of part/section of a work | Course of theoretical physics / |
| Statement of responsibility, etc | L. D. Landau and E. M. Lifshitz, Institute of Physical Problems, U.S.S.R., Academy of Science ; translated from the Russian by J. B. Sykes and J. S. Bell. |
| 246 30 - VARYING FORM OF TITLE | |
| Title proper/short title | Course of theoretical physics |
| 250 ## - EDITION STATEMENT | |
| Edition statement | Third edition. |
| 250 ## - EDITION STATEMENT | |
| Edition statement | Reprinted edition. |
| 264 #1 - PUBLICATION, DISTRIBUTION, ETC. (IMPRINT) | |
| Place of publication, distribution, etc | Oxford : |
| Name of publisher, distributor, etc | Butterworth-Heinemann / Elsevier, |
| Date of publication, distribution, etc | 2011. |
| 300 ## - PHYSICAL DESCRIPTION | |
| Extent | xxvii, 170 pages : |
| Other physical details | illustrations ; |
| Dimensions | 24 cm. |
| 336 ## - CONTENT TYPE | |
| Source | rdacontent |
| Content type term | text |
| Content type code | txt |
| 337 ## - MEDIA TYPE | |
| Media type term | unmediated |
| Source | rdamedia |
| Media type code | n |
| 338 ## - CARRIER TYPE | |
| Carrier type term | volume |
| Carrier type code | nc |
| Source | rdacarrier |
| 504 ## - BIBLIOGRAPHY, ETC. NOTE | |
| Bibliography, etc | Includes bibliographical references and index.<br/> |
| 546 ## - LANGUAGE NOTE | |
| Language note | Text in English ; translated from the original Russian language. |
| 650 #7 - SUBJECT ADDED ENTRY--TOPICAL TERM | |
| Topical term or geographic name as entry element | Mechanics, Analytic. |
| Source of heading or term | BUEsh |
| 9 (RLIN) | 6803 |
| 655 ## - INDEX TERM--GENRE/FORM | |
| Form subdivision | Reading book |
| 700 1# - ADDED ENTRY--PERSONAL NAME | |
| Personal name | Lifshit︠s︡, E. M. |
| Fuller form of name | (Evgeniĭ Mikhaĭlovich), |
| Relator term | author. |
| 9 (RLIN) | 38483 |
| 700 1# - ADDED ENTRY--PERSONAL NAME | |
| Personal name | Sykes, J. B., |
| Relator term | translator. |
| 700 1# - ADDED ENTRY--PERSONAL NAME | |
| Personal name | Bell, J. S., |
| Relator term | translator. |
| 942 ## - ADDED ENTRY ELEMENTS (KOHA) | |
| Source of classification or shelving scheme | Dewey Decimal Classification |
| Koha item type | Book - Borrowing |
| Withdrawn status | Lost status | Source of classification or shelving scheme | Damaged status | Not for loan | Collection code | Home library | Current library | Shelving location | Date acquired | Source of acquisition | Cost, normal purchase price | Serial Enumeration / chronology | Total Checkouts | Total Renewals | Full call number | Barcode | Date last seen | Date checked out | Cost, replacement price | Price effective from | Koha item type |
|---|---|---|---|---|---|---|---|---|---|---|---|---|---|---|---|---|---|---|---|---|---|
| Dewey Decimal Classification | Baccah | Central Library | Central Library | First floor | 12/10/2015 | Purchase | 360.00 | 22696 | 1 | 12 | 531 LAN | 000039875 | 15/07/2025 | 13/10/2015 | 450.00 | 12/10/2015 | Book - Borrowing |